[Event "Lorca op 12th"]
[Site "Lorca"]
[Date "2023.12.27"]
[Round "3"]
[White "Prakaash, S A Krishna"]
[Black "Fiorito, Francisco"]
[Result "0-1"]
[WhiteElo "1498"]
[BlackElo "2370"]
[PlyCount "50"]
[EventDate "2023.12.26"]
[EventType "swiss"]
[EventRounds "9"]
[EventCountry "ESP"]
[SourceTitle "CB01_2024"]
[SourceDate "2024.01.03"]
[SourceVersion "1"]
[SourceVersionDate "2024.01.03"]
[SourceQuality "1"]

1. e4 e6 2. Nf3 d5 3. exd5 exd5 4. d4 Nf6 5. Be2 Bd6 6. Bg5 0-0 7. 0-0 Re8 8. Re1 c5 9. c3 Be6 10. Nbd2 Nbd7 11. Ne5 Nxe5 12. dxe5 Bxe5 13. Bb5 Bd7 14. f4 Bxc3 15. Rxe8+ Bxe8 16. Bxe8 Bd4+ 17. Kh1 Qxe8 18. Nf3 Ne4 19. Qb3 Qd7 20. Nxd4 cxd4 21. Bh4 Rc8 22. Rf1 Nd2 23. Qd1 Nxf1 24. Qxf1 Qb5 25. Qxb5 Rc1+ 0-1